Practical accounting for small businesses / (Запис № 538386)
[ простий вигляд ]
| 000 -LEADER | |
|---|---|
| fixed length control field | 01497cam a2200373 i 4500 |
| 001 - CONTROL NUMBER | |
| control field | practicalaccount00taet |
| 003 - CONTROL NUMBER IDENTIFIER | |
| control field | CaSfIA |
| 005 - DATE AND TIME OF LATEST TRANSACTION | |
| control field | 20210118211549.0 |
| 007 - PHYSICAL DESCRIPTION FIXED FIELD--GENERAL INFORMATION | |
| fixed length control field | cr|||| |
| 008 - FIXED-LENGTH DATA ELEMENTS--GENERAL INFORMATION | |
| fixed length control field | 770301s1977 nyua b 001 0 eng |
| 010 ## - LIBRARY OF CONGRESS CONTROL NUMBER | |
| LC control number | 77002919 |
| 040 ## - CATALOGING SOURCE | |
| Original cataloging agency | DLC |
| Transcribing agency | DLC |
| Modifying agency | BTCTA |
| -- | OCLCG |
| -- | CaSfIA |
| 020 ## - INTERNATIONAL STANDARD BOOK NUMBER | |
| International Standard Book Number | 0884054454 |
| 020 ## - INTERNATIONAL STANDARD BOOK NUMBER | |
| International Standard Book Number | 9780884054450 |
| 035 ## - SYSTEM CONTROL NUMBER | |
| System control number | (OCoLC)2818334 |
| 050 00 - LIBRARY OF CONGRESS CALL NUMBER | |
| Classification number | HF5635 |
| Item number | .T15 |
| 082 00 - DEWEY DECIMAL CLASSIFICATION NUMBER | |
| Classification number | 657/.9042 |
| 029 1# - (OCLC) | |
| OCLC library identifier | NZ1 |
| System control number | 3580915 |
| 029 1# - (OCLC) | |
| OCLC library identifier | AU@ |
| System control number | 000000856901 |
| 029 1# - (OCLC) | |
| OCLC library identifier | AU@ |
| System control number | 000023869266 |
| 100 1# - MAIN ENTRY--PERSONAL NAME | |
| Personal name | Taetzsch, Lynne. |
| 245 10 - TITLE STATEMENT | |
| Title | Practical accounting for small businesses / |
| Medium | [electronic resource] |
| Statement of responsibility, etc | Lyn Taetzsch and Laura Taetzsch. |
| 260 ## - PUBLICATION, DISTRIBUTION, ETC. (IMPRINT) | |
| Place of publication, distribution, etc | New York : |
| Name of publisher, distributor, etc | Petrocelli/Charter, |
| Date of publication, distribution, etc | 1977. |
| 300 ## - PHYSICAL DESCRIPTION | |
| Extent | x, 262 p. : |
| Other physical details | ill. ; |
| Dimensions | 24 cm. |
| 504 ## - BIBLIOGRAPHY, ETC. NOTE | |
| Bibliography, etc | Bibliography: p. 255. |
| 500 ## - GENERAL NOTE | |
| General note | Includes index. |
| 506 ## - RESTRICTIONS ON ACCESS NOTE | |
| Standardized terminology for access restriction | Необхідна авторизація на https://archive.org/ (створення облікового запису безкоштовно) |
| 506 ## - RESTRICTIONS ON ACCESS NOTE | |
| Standardized terminology for access restriction | Необхідна авторизація на https://openlibrary.org/ (створення облікового запису безкоштовно) |
| 650 #0 - SUBJECT ADDED ENTRY--TOPICAL TERM | |
| Topical term or geographic name as entry element | Accounting. |
| 700 1# - ADDED ENTRY--PERSONAL NAME | |
| Personal name | Kirsner, Laura, |
| Dates associated with a name | 1945- |
| Relator term | joint author. |
| 856 41 - ELECTRONIC LOCATION AND ACCESS | |
| Uniform Resource Identifier | <a href="http://www.archive.org/details/practicalaccount00taet">http://www.archive.org/details/practicalaccount00taet</a> |
| Public note | Free eBook from the Internet Archive |
| 856 42 - ELECTRONIC LOCATION AND ACCESS | |
| Uniform Resource Identifier | <a href="http://www.openlibrary.org/books/OL4536886M">http://www.openlibrary.org/books/OL4536886M</a> |
| Public note | Additional information and access via Open Library |
| 942 ## - ADDED ENTRY ELEMENTS (KOHA) | |
| Koha item type | ЕКнига |
Немає доступних примірників.